Statistics for Book Titles by Synonyms

Click here to take the quiz!

General Stats

  • This quiz has been taken 225 times
  • The average score is 7 of 10

Answer Stats

HintAnswer% Correct
Conflict and TranquilityWar and Peace
94%
To Murder a FlouterTo Kill a Mockingbird
93%
The Labyrinth JoggerThe Maze Runner
88%
The Malnutrition ContestThe Hunger Games
81%
A crease in an aeonA wrinkle in time
71%
Celsius 232.778Fahrenheit 451
68%
The donorThe Giver
67%
Organization of the Fire BirdOrder of the Phoenix (Harry Potter and)
66%
The Holy WritThe Bible
39%
The memoir of a child daughterThe diary of a young girl
28%

Score Distribution

Percentile by Number Answered

Percent of People with Each Score

Your Score History

You have not taken this quiz